Tieňová ekonomika napodobnenín

Obchodovanie s napodobneninami najrozmanitejšieho značkového spotrebného tovaru. Široká škála tovarov, ktoré sa vo svete imitujú. Hazard so zdravím pri predaji "pirátskych" liekov. Straty spôsobené pirátstvom v sektore softvéru. Zisky v desiatkach miliárd USD.

Gespeichert in:
Bibliographische Detailangaben
1. Verfasser: Mišíková, Z.
Format: Buchkapitel
Sprache:Slowakisch
Schlagworte:
Tags: Tag hinzufügen
Keine Tags, Fügen Sie das erste Tag hinzu!

MARC

LEADER 00000naa a2200000 4500
001 r027002
005 20230824091430.4
041 0 |a slo 
044 |a SK 
245 1 0 |a Tieňová ekonomika napodobnenín  |c Z. Mišíková 
520 |a Obchodovanie s napodobneninami najrozmanitejšieho značkového spotrebného tovaru. Široká škála tovarov, ktoré sa vo svete imitujú. Hazard so zdravím pri predaji "pirátskych" liekov. Straty spôsobené pirátstvom v sektore softvéru. Zisky v desiatkach miliárd USD. 
610 2 0 |a Taliansko 
610 2 0 |a 1997 
610 2 0 |a neprístojnosti obchodné 
610 2 0 |a ekonomika tieňová 
610 2 0 |a značky výrobné 
100 1 |a Mišíková, Z.